LEADER 00925nam a2200253 4500 001 000000367424 003 CaOOAMICUS 005 20260424095111.0 008 260424s2004 it a 000 u ita r 020 $a88-15-09798-8 040 $aSeMil$bita 100 1 $aFrale, Barbara,$d<1970- >.$0(OLS)http://semarc/name/47826 245 12$aI Templari /$cBarbara Frale. 264 1$aBologna :$bIl Mulino,$c2004. 300 $a193 p., [4] c. di tav. :$bill. ;$c21 cm 490 1 $aIntersezioni ;$v267 830 0$aIntersezioni ;$v267.$0(OLS)http://semarc/title/6889 850 $aSeMil 852 $aSeMil$W1$xVenegono$y1$B258122$CSeMilBibl$Z2$F258122 $81 961 $aBrambilla don Paolo - Omaggio 996 $6020$a88-15-09798-8$9(OLS)http://semarc/number/305734 996 $6245$aI Templari$9(OLS)http://semarc/title/459355 996 $6264$aBologna :$bIl Mulino$9(OLS)http://semarc/publisher/29842